Cargando...
Amgana Chumbanam
| Autor principal: | |
|---|---|
| Formato: | Printed Book |
| Materias: |
| LEADER | 00400nam a22001217a 4500 | ||
|---|---|---|---|
| 082 | |b PAR/A |a 894.M2 | ||
| 100 | |a Parameswaran Pilla |9 316193 | ||
| 245 | |a Amgana Chumbanam | ||
| 300 | |a 245p. | ||
| 650 | |a Malayalam; Drama |9 316194 | ||
| 942 | |c BK | ||
| 999 | |c 75963 |d 75963 | ||
| 952 | |0 0 |1 0 |4 0 |6 894_000000000000000_M2_PAR_A |7 0 |8 DRA |9 89245 |a MAL |b MAL |d 2017-03-28 |e 14411 |l 0 |o 894.M2 PAR/A |p MAL014411 |r 2017-03-28 |t 1 |w 2017-03-28 |y BK | ||